[Event "CZE-chT2E 1920"]
[Site "Czech Republic"]
[Date "2020.02.23"]
[Round "9.4"]
[White "Bohacek, Milan"]
[Black "Straka, Vojtech1111"]
[Result "0-1"]
[WhiteElo "2118"]
[BlackElo "1980"]
[PlyCount "146"]
[EventDate "2019.10.13"]
[EventType "team-tourn"]
[EventRounds "11"]
[EventCountry "CZE"]
[SourceTitle "EXT 2024"]
[Source "ChessBase"]
[SourceDate "2023.10.10"]
[SourceVersion "1"]
[SourceVersionDate "2023.10.10"]
[SourceQuality "1"]
[WhiteTeam "Prusanky Podluzan"]
[BlackTeam "Brno Lokomotiva"]
[WhiteTeamCountry "CZE"]
[BlackTeamCountry "CZE"]

1. d4 c6 2. Bf4 d5 3. e3 Nf6 4. c3 g6 5. h3 Bg7 6. Bd3 Nbd7 7. Nd2 c5 8. Ngf3 a6 9. Ne5 c4 10. Be2 Nxe5 11. Bxe5 Bd7 12. 0-0 0-0 13. b3 b5 14. b4 a5 15. a3 axb4 16. axb4 Qb6 17. Qc2 Ra6 18. Bc7 Qb7 19. Rxa6 Qxa6 20. Bf3 Ra8 21. Ba5 Bf5 22. e4 dxe4 23. Nxe4 Rc8 24. Nxf6+ Qxf6 25. Qd2 e5 26. dxe5 Qxe5 27. Rc1 Qf6 28. Qe3 Qh4 29. Rd1 Bd3 30. Bg4 Rf8 31. Bd7 Qh5 32. Rxd3 cxd3 33. Qxd3 Bxc3 34. Bxb5 Rb8 35. Qxc3 Qxb5 36. Qc5 Qxc5 37. bxc5 Rc8 38. Bb6 Kf8 39. g4 Ke7 40. Kg2 Kd7 41. Kg3 Re8 42. Kf4 h6 43. h4 Kc6 44. Ba7 Kd5 45. f3 Ra8 46. Bb6 Ra4+ 47. Kg3 Ra2 48. Kf4 Ra3 49. Kg3 Ra4 50. Kf2 h5 51. Kg3 Rc4 52. Ba7 Ke6 53. Bb6 f5 54. gxh5 gxh5 55. Bc7 Rxc5 56. Bb8 Rc4 57. Bf4 Kd5 58. Bh6 Kc6 59. Bd2 Kb5 60. Bh6 Ka4 61. Bf4 Kb3 62. Be5 Kc2 63. Bd6 Kd3 64. Bf4 Ke2 65. Bb8 Rb4 66. Bd6 Rb3 67. Kf4 Rxf3+ 68. Kg5 Rf1 69. Kxh5 Rg1 70. Kh6 Kf3 71. h5 Kg4 72. Kg6 Re1 73. Kf6 Rh1 0-1